Techniques of optimization : [based on papers presented at the] 4th IFIP Colloquium on Optimization Techniques, held at Los Angeles, California, on October 19-22, 1971 /
Guardado en:
| Autores Corporativos: | , |
|---|---|
| Otros Autores: | |
| Formato: | Libro |
| Idioma: | English |
| Publicado: |
New York :
Academic Press,
1972.
|
| Etiquetas: |
Agregar Etiqueta
Sin Etiquetas, Sea el primero en etiquetar este registro!
|
| LEADER | 01222cam a22002295 4500 | ||
|---|---|---|---|
| 001 | MAT.inmabb002073 | ||
| 008 | 720614s1972####nyua#####b####100#0#eng#d | ||
| 005 | 20170607173517.0 | ||
| 245 | 1 | 0 | |a Techniques of optimization : |b [based on papers presented at the] 4th IFIP Colloquium on Optimization Techniques, held at Los Angeles, California, on October 19-22, 1971 / |c edited by A. V. Balakrishnan. |
| 260 | |a New York : |b Academic Press, |c 1972. | ||
| 300 | |a ix, 509 p. : |b il. ; |c 24 cm. | ||
| 500 | |a "Sponsored by the Technical Committee on Optimization (TC 7)". | ||
| 500 | |a Contiene 36 trabajos, organizados en secciones: Pattern classification-identification -- Numerical methods -- Distributed systems -- Optimal control -- Differential games -- Stochastic control -- Economics -- Linear and nonlinear programming -- Public systems. | ||
| 504 | |a Incluye referencias bibliográficas. | ||
| 510 | 4 | |a MR, |c 48 #5757 | |
| 020 | |a 0120769603 | ||
| 111 | 2 | |a IFIP Colloquium on Optimization Techniques |n (4º : |d 1971 : |c Los Angeles, Calif.) | |
| 700 | 1 | |a Balakrishnan, A. V. |4 edt | |
| 710 | 2 | |a IFIP TC-7 (Organization) | |
| 084 | |a 00A10 (49-06 90-06 93-06) |2 MR | ||
| 010 | |a 72077726 | ||
| 859 | |h 49 |i If23-4 |p A-3729 |b BIB. MATEMATICA | ||
